Это реальная личность? №2 - Внезапная смерть - Statistics

General Stats
  • This quiz has been taken 24 times
  • The average score is 7 of 8
Answers on the Grid
Answers color-coded by a green-red scale on the quiz's grid according to % correct below.
Чарли Чаплин
Марлон Брандо
Эрвин Смит
Гомер Симпсон
Рембрандт Ван Рейн
Илья Муромец
Рианна
Жерар Депардье
Леон Кеннеди
Гектор Саламанка
Марселин Абадир
Александр Блок
Андрей Болконский
Тим Бёртон
Виталий Наливкин
Рональд Уизли
Карл Джонсон
Селин Дион
Майк Вазовски
Уилфред Айвенго
 
Answer Stats
Answer % Correct
Чарли Чаплин
100%
Рианна
100%
Марлон Брандо
91%
Александр Блок
82%
Тим Бёртон
82%
Рембрандт Ван Рейн
73%
Жерар Депардье
73%
Селин Дион
64%
No matching quizzes found
Score Distribution
Percent of People with Each Score
Percentile by Number Answered
Your Score History
You have not taken this quiz